000 00442nam a2200181Ia 4500
008 170705s9999 xx 000 0 und d
020 _a9780531260319
245 _aLearning about the earth mountains /
245 _cEmily K. Green.
260 _aNew York :
260 _bScholastic,
260 _c2011
300 _a24 pages :
300 _bcolor illustration ;
300 _c23cm.
440 _aBlastoff! Readers.
500 _a480
999 _c335724
_d335724